|
|
|
|
| LEADER |
01939nam a2200505 a 4500 |
| 001 |
EBC1741762 |
| 003 |
MiAaPQ |
| 005 |
20200520144314.0 |
| 006 |
m o d | |
| 007 |
cr cn||||||||| |
| 008 |
111121s2011 enka sb 001 0 eng d |
| 010 |
|
|
|z 2011507397
|
| 020 |
|
|
|z 9781906093662 (hbk.)
|
| 020 |
|
|
|z 1906093660 (hbk.)
|
| 020 |
|
|
|z 9781906093655 (pbk.)
|
| 020 |
|
|
|z 1906093652 (pbk.)
|
| 020 |
|
|
|a 9781907643439 (electronic bk.)
|
| 035 |
|
|
|a (MiAaPQ)EBC1741762
|
| 035 |
|
|
|a (Au-PeEL)EBL1741762
|
| 035 |
|
|
|a (CaPaEBR)ebr10650083
|
| 035 |
|
|
|a (OCoLC)828736088
|
| 040 |
|
|
|a MiAaPQ
|c MiAaPQ
|d MiAaPQ
|
| 050 |
|
4 |
|a HD6955
|b .L57 2011
|
| 082 |
0 |
4 |
|a 306.361
|2 22
|
| 100 |
1 |
|
|a Lips-Wiersma, Marjolein.
|
| 245 |
1 |
4 |
|a The map of meaning
|h [electronic resource] :
|b a guide to sustaining our humanity in the world of work /
|c Marjolein Lips-Wiersma and Lani Morris.
|
| 246 |
3 |
|
|a Map of meaning : how to sustain our humanity in the world of work
|
| 260 |
|
|
|a Sheffield :
|b Greenleaf Pub.,
|c c2011.
|
| 300 |
|
|
|a x, 237 p. :
|b ill.
|
| 504 |
|
|
|a Includes bibliographical references (p. [225]-229) and index.
|
| 505 |
0 |
|
|a pt. 1. Taking personal responsibility for meaningful work -- pt. 2. Where meaning meets organisation.
|
| 533 |
|
|
|a Electronic reproduction. Ann Arbor, MI : ProQuest, 2015. Available via World Wide Web. Access may be limited to ProQuest affiliated libraries.
|
| 650 |
|
0 |
|a Quality of work life.
|
| 650 |
|
0 |
|a Meaning (Psychology)
|
| 650 |
|
0 |
|a Holism.
|
| 650 |
|
0 |
|a Work
|x Psychological aspects.
|
| 650 |
|
0 |
|a Work
|x Moral and ethical aspects.
|
| 650 |
|
0 |
|a Work-life balance.
|
| 650 |
|
0 |
|a Employee morale.
|
| 650 |
|
0 |
|a Organizational behavior.
|
| 650 |
|
0 |
|a Organizational learning.
|
| 655 |
|
4 |
|a Electronic books.
|
| 700 |
1 |
|
|a Morris, Lani.
|
| 710 |
2 |
|
|a ProQuest (Firm)
|
| 856 |
4 |
0 |
|u https://ebookcentral.proquest.com/lib/matrademy/detail.action?docID=1741762
|z Click to View
|